| 000 | 01501nam a2200385 a 4500 | ||
|---|---|---|---|
| 001 | ebr10392787 | ||
| 003 | CaPaEBR | ||
| 006 | m u | ||
| 007 | cr cn||||||||| | ||
| 008 | 981208s1999 enk sb 001 0 eng | ||
| 010 | _z 98061794 | ||
| 020 | _z0761957863 | ||
| 020 | _z0761957871 (pbk.) | ||
| 020 | _z9780761957867 | ||
| 020 | _z9780857026293 (e-book) | ||
| 040 |
_aCaPaEBR _cCaPaEBR |
||
| 035 | _a(OCoLC)646066595 | ||
| 050 | 1 | 4 |
_aBF637.C6 _bT655 1999eb |
| 082 | 0 | 4 |
_a158/.3/0715 _221 |
| 245 | 0 | 0 |
_aTraining counselling supervisors _h[electronic resource] : _bstrategies, methods and techniques / _cedited by Elizabeth Holloway and Michael Carroll. |
| 260 |
_aLondon ; _aThousand Oaks, Calif. : _bSAGE Publications, _c1999. |
||
| 300 | _aix, 237 p. | ||
| 490 | 1 | _aCounselling supervision | |
| 504 | _aIncludes bibliographical references and index. | ||
| 533 |
_aElectronic reproduction. _bPalo Alto, Calif. : _cebrary, _d2013. _nAvailable via World Wide Web. _nAccess may be limited to ebrary affiliated libraries. |
||
| 650 | 0 |
_aCounselor educators _xTraining of. |
|
| 650 | 0 |
_aCounselors _xSupervision of. |
|
| 650 | 0 |
_aCounseling _xStudy and teaching. |
|
| 655 | 7 |
_aElectronic books. _2local |
|
| 700 | 1 | _aHolloway, Elizabeth. | |
| 700 | 1 | _aCarroll, Michael. | |
| 710 | 2 | _aebrary, Inc. | |
| 830 | 0 | _aCounselling supervision. | |
| 856 | 4 | 0 |
_uhttp://site.ebrary.com/lib/rucke/Doc?id=10392787 _zAn electronic book accessible through the World Wide Web; click to view |
| 999 |
_c89039 _d89039 |
||